00810nam a22001935i 4500001000700000003000900007005001700016008004100033040003000074100002900104245013300133260008200266300002100348505004700369700004000416710005100456752002400507852008500531161243ES-MaACL20231226140146.0991201s1859 sp |||| | spa d aCCPB | B bspa cCCPB | B1 aPagniucci Zumel, José.10aDiscursos leídos ante la Real Academia de Bellas Artes de San Fernando en la recepción pública de D. Jose Pagniucci Zumel. aMadrid : b[s.n.], c1859 (fImprenta del Colegio de sordo-mudos y de ciegos) a40 p. ; c24 cm.8 aContestacion por ... Antonio Gil de Zarate11aGil y Zárate, Antonio,d1793-18612 aReal Academia de Bellas Artes de San Fernando. aEspaña - dMadrid aES-MaACLjF-M-III-N (I) z-- Enc. pasta española z-- Enc. en un vol. facticio